| 000 | 00585nam a2200169 i 4500 | ||
|---|---|---|---|
| 001 | 70337 | ||
| 003 | ES-MaACL | ||
| 007 | t| | ||
| 008 | 040721s1980 sp ||||1| spa d | ||
| 100 | 1 |
_aGarcía Ruiz, José Luis. _955240 |
|
| 245 | 1 | 3 |
_aEl recurso de amparo en el derecho español / _cJosé Luis García Ruiz ; prólogo de Jorge de Esteban y apéndice de Pablo Pérez Tremps. |
| 260 |
_aMadrid : _bEditora Nacional, _c[1980] |
||
| 300 |
_a301 p. ; _c21 cm. |
||
| 700 | 1 |
_aPérez Tremps, Pablo. _991182 |
|
| 700 | 1 |
_aEsteban, Jorge de. _948032 |
|
| 852 |
_aES-MaACL _jG-4346 _bR.100202 |
||
| 999 |
_c70337 _d70337 |
||